| 000 | 00457nam a2200145Ia 4500 | ||
|---|---|---|---|
| 008 | 191206s9999 xx 000 0 und d | ||
| 020 | _a9781590173022 (alk. | ||
| 090 | _aPJ7862.A564M313 | ||
| 245 | 0 | _aSeason of migration to the north | |
| 260 | _aReview Books | ||
| 260 | _bNew York Review Books classics | ||
| 260 | _cc2009 | ||
| 300 | _a"xx, 139 p. ; 20 cm." | ||
| 999 |
_c16869 _d16869 |
||